000 00527cam a22001457a 4500
008 180718b2015 xxu||||| |||| 00| 0 eng d
020 _a9781785602214
082 _aK95 As35/11
245 _aNew ways of studying emotions in organizations
_cedited by Charmine E. J. Hartel , Wilfred J. Zerbe and Neal M. Ashkanasy
260 _aIndia
_bEmerald
_c2015
300 _a457p.
650 _aPsychology, Industrial
650 _aEmotions -- Social aspects
700 _aHartel, Charmine E.J. , Zerbe, Wilfred J. and Ashkanasy, Neal M.
999 _c445506
_d445506